000 00232nam a22001097a 4500
999 _c171537
_d171537
082 _a
_b
100 _aBhishu Dharma Rashith
245 _aDharmapath/
_cby Bhishu Dharma Rashith.
260 _a
_b
_c
650 _a
942 _cBK